000 00340pab a2200145 454500
008 180718b1987 xxu||||| |||| 00| 0 eng d
100 _aFerley, Jonathan
245 _aThe EEC - towards 2000 A.D.
260 _c1987
300 _a175-83
362 _aApr.
650 _aEuropean Economic Community
773 _aRound Table
909 _a7836
999 _c7836
_d7836